[Event "Groninger Combinatie Open"]
[Site "Groningen NED"]
[Date "2017.05.28"]
[Round "7.5"]
[White "Kouwenhoven,Derk"]
[Black "Clemens,A"]
[Result "1-0"]
[WhiteElo "2098"]
[BlackElo "2201"]

1.e4 c5 2.Nf3 e6 3.d4 cxd4 4.Nxd4 Nc6 5.Nc3 Qc7 6.Be3 a6 7.a3 Nf6 8.Be2 Be7
9.O-O O-O 10.f4 d6 11.Qe1 Nxd4 12.Bxd4 e5 13.Be3 exf4 14.Rxf4 Be6 15.Rd1 Nd7
16.Bd4 Ne5 17.Qg3 Rac8 18.Rff1 Ng6 19.Bg4 Bh4 20.Qh3 Rce8 21.Rd2 Bg5 22.Rdf2
Bc4 23.Rd1 Bf4 24.b3 Be6 25.Rdf1 Be5 26.Bxe5 dxe5 27.Bxe6 fxe6 28.Rxf8+ Nxf8
29.Qe3 Qd6 30.Qf2 Qc7 31.Na4 Ng6 32.Nc5 Rf8 33.Qxf8+ {#r} 1-0

[Event "15th Somov Memorial 2017"]
[Site "Kirishi RUS"]
[Date "2017.05.23"]
[Round "6.5"]
[White "Shubin,Kirill"]
[Black "Zarubitski,Viachaslau"]
[Result "1-0"]
[WhiteElo "2287"]
[BlackElo "2325"]

1.e4 c5 2.Nf3 e6 3.d4 cxd4 4.Nxd4 Nc6 5.Nc3 Qc7 6.Be3 a6 7.Qf3 Bd6 8.O-O-O Be5
9.Qe2 Nge7 10.g3 b5 11.Bg2 O-O 12.f4 Bxd4 13.Bxd4 Nxd4 14.Rxd4 Nc6 15.Rd2 b4
16.Na4 Rb8 17.Qe3 d6 18.e5 d5 19.Nc5 Rb5 20.Nb3 Na5 21.Nxa5 Rxa5 22.Kb1 Qc4
23.Qb3 Qc5 24.f5 Bd7 25.f6 g6 26.h4 Bb5 27.Qf3 h5 28.Qf4 Rc8 29.b3 Kh7 30.g4
Qc3 31.gxh5 Bd3 32.cxd3 Rxa2 33.Kxa2 Rc5 34.hxg6+ fxg6 35.Rb2 Ra5+ 36.Kb1
Qxd3+ 37.Rc2 Ra3 38.Qd2 Qxb3+ 39.Rb2 Qa4 40.Ra2 {#r} 1-0

[Event "26th Chicago Open 2017"]
[Site "Chicago USA"]
[Date "2017.05.26"]
[Round "3.17"]
[White "Ghatti,Sanjay"]
[Black "Macieja,B"]
[Result "0-1"]
[WhiteElo "2235"]
[BlackElo "2530"]
[EventType "swiss"]

1.e4 c5 2.Nf3 Nc6 3.d4 cxd4 4.Nxd4 Qc7 5.Nc3 e6 6.Be3 a6 7.Be2 Nf6 8.O-O Bb4
9.Na4 Bd6 10.Nxc6 bxc6 11.Nb6 Rb8 12.Nxc8 Rxc8 13.Bxa6 Rb8 14.Bd4 Bxh2+ 15.Kh1
Be5 16.Re1 Bxd4 17.Qxd4 Qb6 18.Qxb6 Rxb6 19.Bd3 Rxb2 20.Reb1 Rxb1+ 21.Rxb1 Ke7
22.f3 Ra8 23.Rb2 h5 24.Kh2 g5 25.Kg3 h4+ 26.Kf2 Ra4 27.Ke3 Nh5 28.c4 Ra3 {#R}
0-1

[Event "36th Zalakaros Open 2017"]
[Site "Zalakaros HUN"]
[Date "2017.05.26"]
[Round "9.24"]
[White "Gazik,Viktor"]
[Black "Blohberger,Felix"]
[Result "1-0"]
[WhiteElo "2449"]
[BlackElo "2319"]

1.e4 c5 2.Nf3 d6 3.g3 Nc6 4.Bg2 g6 5.O-O Bg7 6.c3 Nf6 7.Re1 O-O 8.h3 e5 9.d3
d5 10.exd5 Nxd5 11.Nbd2 b6 12.Nc4 Re8 13.Ng5 Bb7 14.Ne4 Re6 15.Qb3 Qd7 16.h4
h6 17.a4 Nce7 18.a5 f5 19.axb6 axb6 20.Rxa8+ Bxa8 21.Qa2 Bc6 22.Nxb6 Qc7
23.Nxc5 Qxb6 24.Nxe6 f4 25.Nxf4 {#r} 1-0

[Event "4th Gligoric Cup 2017"]
[Site "Novi Banovci SRB"]
[Date "2017.05.27"]
[Round "3.1"]
[White "Savic,Miod1"]
[Black "Kojovic,D"]
[Result "1-0"]
[WhiteElo "2512"]
[BlackElo "2376"]

1.e4 c5 2.Nf3 d6 3.Bc4 Nf6 4.d3 Nc6 5.c3 e6 6.Bb3 Be7 7.O-O O-O 8.Re1 Bd7 9.d4
cxd4 10.cxd4 e5 11.h3 Rc8 12.Nc3 a6 13.Be3 exd4 14.Nxd4 Na5 15.Qf3 Nxb3
16.Nxb3 b5 17.a3 a5 18.Nd4 b4 19.axb4 axb4 20.Nce2 Ra8 21.Rad1 Ra2 22.Ng3 Rxb2
23.Ngf5 Ne8 24.e5 Bg5 25.exd6 Bxe3 26.Rxe3 Qf6 27.Re7 Bxf5 28.Nxf5 Nxd6
29.Rxd6 Rb1+ 30.Kh2 Qa1 31.Ng3 b3 32.Rd8 Qf6 33.Rxf8+ Kxf8 34.Nf5 Ra1 35.Qe4
{#r} 1-0

[Event "4th Gligoric Cup 2017"]
[Site "Novi Banovci SRB"]
[Date "2017.05.28"]
[Round "5.2"]
[White "Drazic,S"]
[Black "Irizanin,R"]
[Result "1-0"]
[WhiteElo "2427"]
[BlackElo "2355"]

1.e4 c5 2.Nf3 d6 3.c3 Nd7 4.d4 Qc7 5.Bd3 Ngf6 6.O-O g6 7.Re1 e5 8.Nbd2 Bg7
9.b3 cxd4 10.cxd4 Qc3 11.Qc2 exd4 12.Bb2 Qxc2 13.Bxc2 O-O 14.Bxd4 Nb6 15.Bd3
Be6 16.a4 Ng4 17.a5 Nd7 18.Bxg7 Kxg7 19.Nd4 Nc5 20.Bf1 Ne5 21.Re3 Rac8 22.Rc3
Bd7 23.f4 Ng4 24.Be2 Nf6 25.Bf3 Ne6 26.Nxe6+ Bxe6 27.Rac1 Rxc3 28.Rxc3 Rc8
29.Rxc8 Bxc8 30.Kf2 Kf8 31.Ke3 Ng4+ 32.Bxg4 Bxg4 33.Kd4 Be6 34.b4 Ke7 35.Nb1
Kd7 36.Nc3 a6 37.e5 Kc6 38.g3 h6 39.h4 h5 40.Ne4 Kb5 41.exd6 Kc6 42.Ke5 Bf5
43.Nc5 f6+ 44.Kxf6 Kxd6 45.Nxb7+ Kc6 46.Nc5 Kb5 47.Kg5 Bc2 48.Kf6 Bf5 49.Ke5
Bc8 50.Kf6 Bf5 51.Kf7 Bc2 52.Kg7 Bb1 53.Kh6 Bc2 54.Kh7 Bf5 55.Kg8 Bb1 56.Kf7
Bc2 57.Ke6 Bb1 58.Kd6 Kxb4 59.Nxa6+ Kxa5 60.Nc7 Kb4 61.Nd5+ Kc4 62.Ke5 Kd3
63.Kf6 Kd4 64.Ne7 Ke3 65.Nxg6 Kf3 66.Kg5 Kxg3 67.f5 {#r} 1-0

[Event "chess.com Speed 5m+2spm 2017"]
[Site "chess.com INT"]
[Date "2017.05.24"]
[Round "1.1"]
[White "Meier,Geo"]
[Black "Karjakin,Sergey"]
[Result "0-1"]
[WhiteElo "2630"]
[BlackElo "2783"]

1.e4 c5 2.Nf3 d6 3.Bb5+ Nd7 4.d4 Nf6 5.Nc3 a6 6.Bxd7+ Nxd7 7.O-O e6 8.d5 e5
9.a4 Be7 10.Nd2 O-O 11.Nc4 Nb6 12.Ne3 Bg5 13.Qe2 a5 14.b3 Bd7 15.Nb5 Bxb5
16.Qxb5 Bxe3 17.Bxe3 Qc7 18.c3 f5 19.f3 Nd7 20.b4 b6 21.Qc6 Rfc8 22.exf5 cxb4
23.cxb4 axb4 24.Qb5 Ra5 25.Qxb4 Rxd5 26.Rfc1 Nc5 27.Rab1 Ra8 28.Qc4 Qf7
29.Rxb6 Rd1+ 30.Kf2 Nd3+ 31.Kg3 Nxc1 32.Qc6 Rf8 33.Bxc1 Qxf5 34.a5 e4 35.a6
exf3 {#R} 0-1

[Event "36th Zalakaros Open 2017"]
[Site "Zalakaros HUN"]
[Date "2017.05.23"]
[Round "6.21"]
[White "Shvayger,Y"]
[Black "Krzyzanowski,M"]
[Result "0-1"]
[WhiteElo "2423"]
[BlackElo "2457"]

1.e4 c5 2.Nf3 d6 3.Bb5+ Nd7 4.d4 cxd4 5.Qxd4 a6 6.Bxd7+ Bxd7 7.c4 Nf6 8.Nc3 e6
9.O-O Bc6 10.Bg5 Be7 11.Rfd1 O-O 12.Qd3 Rc8 13.Nd4 Qa5 14.Bh4 Rfd8 15.Rac1 Be8
16.b3 Qh5 17.Bg3 Qg6 18.Nde2 h5 19.Nf4 Qh6 20.h4 Ng4 21.Nh3 Ne5 22.Qf1 Ng6
23.f4 Bxh4 24.Bxh4 Nxh4 25.g3 Ng6 26.Rd2 b5 27.Rcd1 bxc4 28.bxc4 Rc6 29.Ne2
Ne7 30.Nd4 Rcc8 31.Nb3 Qg6 32.Ng5 d5 33.exd5 exd5 34.Kh2 Bd7 35.Re1 Re8
36.cxd5 Nf5 37.Rxe8+ Rxe8 38.Nc5 Bb5 39.Qb1 f6 40.Nge4 Nxg3 41.f5 Qg4 42.Nxg3
Re3 43.Rg2 Qh4+ 44.Kg1 Qd4 45.Kh2 Qxc5 46.Nxh5 Qd6+ 47.Rg3 Qe5 48.Kg2 Re1
49.Nxf6+ Kf7 {#R} 0-1

[Event "36th Zalakaros Open 2017"]
[Site "Zalakaros HUN"]
[Date "2017.05.24"]
[Round "7.15"]
[White "Efimenko,Z"]
[Black "Gazik,Viktor"]
[Result "1-0"]
[WhiteElo "2648"]
[BlackElo "2449"]

1.e4 c5 2.Nf3 d6 3.Bb5+ Nd7 4.O-O a6 5.Bd3 Ngf6 6.Re1 e5 7.a4 b6 8.c3 Qc7
9.Bc2 g6 10.d4 Bg7 11.dxe5 dxe5 12.c4 O-O 13.Nc3 Bb7 14.a5 Rad8 15.Bd2 Bc6
16.Nd5 Nxd5 17.exd5 Bb7 18.axb6 Nxb6 19.Ba5 Rfe8 20.Ba4 Re7 21.Qb3 Rd6 22.Bc6
Bxc6 23.Qxb6 Qxb6 24.Bxb6 {#r} 1-0

[Event "36th Zalakaros Open 2017"]
[Site "Zalakaros HUN"]
[Date "2017.05.25"]
[Round "8.22"]
[White "Ivic,Velimir"]
[Black "Livaic,Leon"]
[Result "0-1"]
[WhiteElo "2345"]
[BlackElo "2464"]

1.e4 c5 2.Nf3 d6 3.Bb5+ Nd7 4.d4 cxd4 5.Qxd4 a6 6.Bxd7+ Bxd7 7.c4 Nf6 8.Bg5 e6
9.Nc3 Be7 10.O-O O-O 11.Rfd1 Bc6 12.Qd3 Rc8 13.Nd4 Qa5 14.Bd2 Qc7 15.Rac1 Bd7
16.b3 Rfd8 17.Qe2 Qb8 18.Bf4 e5 19.Nf5 Bxf5 20.exf5 exf4 21.Qxe7 Re8 {#R} 0-1

[Event "10th KIIT Elite Open 2017"]
[Site "Bhubaneswar IND"]
[Date "2017.05.27"]
[Round "3.8"]
[White "Vignesh,B"]
[Black "Nitin,S"]
[Result "0-1"]
[WhiteElo "2191"]
[BlackElo "2426"]

1.e4 c5 2.Nf3 d6 3.Bb5+ Nd7 4.c3 Nf6 5.Qe2 a6 6.Ba4 e5 7.O-O Be7 8.Rd1 O-O
9.d4 Qc7 10.Bc2 b5 11.a4 Rb8 12.d5 c4 13.Nfd2 Nc5 14.Na3 Bg4 15.f3 Bd7 16.Nf1
Nh5 17.g3 g6 18.Bh6 Rfe8 19.Nd2 Bf8 20.Be3 f5 21.Rdb1 f4 22.Bf2 fxg3 23.hxg3
Qd8 24.Nf1 Qg5 25.Kh2 Qh6 26.Kg1 Qg5 27.Kh2 Nf6 28.axb5 axb5 29.Kg1 Nh5 30.Kh2
Qf6 31.Ne3 Nd3 32.Bxd3 cxd3 33.Qxd3 Qxf3 34.Rf1 Nf6 35.Nac2 Nxe4 36.Qd1 Qxd1
37.Raxd1 Bh6 38.Bg1 Rf8 39.Rxf8+ Rxf8 40.Ra1 Rf3 41.Ra7 Be8 42.Ra8 Kf8 43.c4
b4 44.Ng4 Bg7 45.Rb8 Rd3 46.Nxb4 Rd2+ 47.Kh3 Ng5+ 48.Kh4 Nf3+ {#R} 0-1

[Event "Bodensee Open 2017"]
[Site "Bregenz AUT"]
[Date "2017.05.25"]
[Round "6.3"]
[White "Hoellrigl,W"]
[Black "Tarlev,K"]
[Result "0-1"]
[WhiteElo "2169"]
[BlackElo "2567"]

1.e4 c5 2.Nf3 d6 3.Bb5+ Nc6 4.O-O Bd7 5.c3 Nf6 6.Re1 a6 7.Bxc6 Bxc6 8.d4 Bxe4
9.Bg5 Bg6 10.Nbd2 e6 11.dxc5 dxc5 12.Qa4+ b5 13.Qh4 h6 14.a4 Be7 15.axb5 axb5
16.Rxa8 Qxa8 17.Ne5 Bh7 18.Bxf6 Bxf6 19.Qh5 O-O 20.Nd7 Bg5 21.Nf3 Bg6 22.Qg4
Bf5 23.Qg3 Rd8 24.Nxc5 Be7 25.Nb3 Bd6 26.Qh4 e5 27.h3 f6 28.Qh5 Bc2 29.Nbd2
Bf8 30.Qg4 Qa2 31.Ne4 Bxe4 32.Rxe4 Qxb2 33.Qe6+ Kh8 34.Rh4 Qc1+ 35.Kh2 Bd6
36.g3 Bc5 37.Kg2 Bxf2 38.Rh5 Be3 39.h4 Qxc3 40.Ng5 Bxg5 41.hxg5 Qc2+ 42.Kh3
Qc8 {#R} 0-1

[Event "Deltalift Open 2017"]
[Site "Tylosand SWE"]
[Date "2017.05.27"]
[Round "7.10"]
[White "Storme,Isak"]
[Black "Ernst,T"]
[Result "0-1"]
[WhiteElo "2159"]
[BlackElo "2382"]

1.e4 c5 2.Nf3 d6 3.Bb5+ Nd7 4.O-O a6 5.Bxd7+ Bxd7 6.d4 cxd4 7.Qxd4 Nf6 8.Bg5
h6 9.Bxf6 gxf6 10.Nc3 e6 11.a4 Be7 12.Qe3 Rc8 13.Rfd1 Qa5 14.Nd4 Rc4 15.Kh1 h5
16.f4 h4 17.Rd2 h3 18.g4 Qb6 19.b3 Rc8 20.Rd3 e5 21.Nf5 Qxe3 22.Nxe3 exf4
23.Nf5 Bxf5 24.exf5 Rh4 25.Nd5 Bd8 26.c4 Rxg4 27.Rxh3 Rg5 28.Nxf4 Rxf5 29.Nd5
Kd7 30.Rh7 Ke6 31.Rh8 b5 32.axb5 axb5 33.Ne3 Re5 34.Ra7 Bb6 35.Rxc8 Bxa7
36.Nd5 bxc4 37.bxc4 Rg5 38.h4 Rg4 39.h5 Bd4 40.Rc7 Kf5 41.Rxf7 Rh4+ 42.Kg2
Rxh5 43.Rd7 Be5 44.Rc7 Ke4 45.Rf7 Rh2+ 46.Kg1 Rh6 47.Rg7 f5 48.Rf7 f4 49.Nb4
Bd4+ 50.Kg2 Rg6+ 51.Kf1 Rg1+ 52.Ke2 f3+ 53.Kd2 f2 {#R} 0-1

[Event "36th Zalakaros Open 2017"]
[Site "Zalakaros HUN"]
[Date "2017.05.26"]
[Round "9.50"]
[White "Banzea,Alexandru-Bogdan"]
[Black "Rakesh,Kumar Jena"]
[Result "1-0"]
[WhiteElo "2278"]
[BlackElo "2288"]

1.e4 c5 2.Nf3 d6 3.Bb5+ Bd7 4.Bxd7+ Qxd7 5.c4 Nf6 6.Nc3 Nc6 7.d4 cxd4 8.Nxd4
g6 9.f3 Bg7 10.Be3 O-O 11.O-O e6 12.Rc1 Ne5 13.b3 d5 14.exd5 exd5 15.c5 Rfe8
16.Qd2 Nc6 17.Rfd1 Rxe3 18.Qxe3 Re8 19.Qf2 Nh5 20.Nxc6 bxc6 21.Ne2 Bh6 22.Rc3
Qe7 23.Nd4 Nf4 24.Nxc6 Qg5 25.Kh1 Re2 26.Qg3 Qf6 27.Nd4 Rxa2 28.Rc2 Rxc2
29.Nxc2 Qc3 30.Nd4 Nd3 31.f4 Qxd4 32.Qxd3 Qxc5 33.g3 Bf8 34.Qxd5 Qc2 35.Rd2
Qc1+ 36.Kg2 Bc5 37.Rd1 Qc2+ 38.Kh3 Bb6 39.b4 Qe2 40.Rc1 Qe8 41.b5 Qf8 42.Kg2
Qe8 43.Rc2 h5 44.Qe5 Qd7 45.f5 gxf5 46.Rc6 Qd2+ 47.Kh3 Qd7 48.Rf6 f4+ 49.Qf5
Qxf5+ 50.Rxf5 fxg3 51.Kxg3 Bc7+ 52.Kh3 {#r} 1-0

[Event "15th Somov Memorial 2017"]
[Site "Kirishi RUS"]
[Date "2017.05.23"]
[Round "6.2"]
[White "Kacharava,Nikolozi"]
[Black "Giannoulakis,Lampros"]
[Result "0-1"]
[WhiteElo "2180"]
[BlackElo "2330"]

1.e4 c5 2.Nf3 d6 3.d4 cxd4 4.Qxd4 Nc6 5.Bb5 Bd7 6.Bxc6 Bxc6 7.Nc3 h6 8.O-O e5
9.Qc4 Nf6 10.Rd1 Qc8 11.b3 Qe6 12.Qxe6+ fxe6 13.Re1 b5 14.Nd2 Kf7 15.Bb2 Be7
16.a4 bxa4 17.Nxa4 Rhc8 18.Nc3 Nd7 19.Nc4 Nb6 20.Na5 Be8 21.Rad1 Rc7 22.Re3
Rac8 23.Red3 Kg8 24.h3 Bg6 25.Nb5 Rxc2 26.Ba3 Bg5 27.Re1 Bd2 28.Rxd2 Rxd2
29.Bb4 Ra2 30.Nxd6 Rcc2 31.Rf1 Nc8 32.Ndc4 Bxe4 33.Nxe5 Nb6 34.Nac4 Bd5 35.Ne3
Rcb2 36.Rc1 Rxf2 37.Rc7 Rfe2 38.Bc5 Bxg2 39.Bd4 Nd5 40.Ng6 Nxc7 {#R} 0-1

[Event "10th KIIT Elite Open 2017"]
[Site "Bhubaneswar IND"]
[Date "2017.05.28"]
[Round "4.9"]
[White "Saurabh,Anand"]
[Black "Babujian,L"]
[Result "0-1"]
[WhiteElo "2266"]
[BlackElo "2438"]

1.e4 c5 2.Nf3 d6 3.d4 cxd4 4.Nxd4 e6 5.Bd3 Nc6 6.Nxc6 bxc6 7.c4 Nf6 8.Nc3 Be7
9.O-O O-O 10.Qe2 e5 11.b3 Nd7 12.Na4 Re8 13.Rd1 Nf8 14.c5 Ne6 15.cxd6 Nd4
16.Qe1 Bxd6 17.Be3 Bg4 18.Rdb1 Re6 19.f4 exf4 20.Bxd4 Bf8 21.Qf2 Rd6 22.Qxf4
Rxd4 23.Qxg4 Rxd3 24.Nb2 Qd4+ 25.Kh1 Re3 26.Nc4 Rxe4 27.Qf3 Qd5 28.Rd1 Qe6
29.Rac1 Re8 30.h3 Re2 31.a4 g6 32.Rd3 h5 33.Rcd1 h4 34.Rd7 Bc5 35.Qf1 Rf2
36.Qd3 Qe1+ 37.Rxe1 Rxe1+ 38.Kh2 Rff1 39.Qxf1 Rxf1 40.g4 Rf2+ 41.Kh1 Rf3
42.Ne5 Rxh3+ 43.Kg2 Rg3+ 44.Kh2 Rxb3 45.Nxf7 Be3 46.g5 Bf4+ 47.Kh1 Kf8 48.Nh8
Ke8 49.Rd1 Rh3+ 50.Kg2 Rg3+ 51.Kh1 Rxg5 52.Re1+ Kd7 53.Rf1 Bc7 54.Rf7+ Kc8
55.Rg7 h3 56.Rxg6 Rxg6 57.Nxg6 Kb7 58.Ne7 Kb6 59.Nc8+ Kb7 60.Ne7 a6 61.Nf5 Kb6
62.Nd4 c5 63.Ne2 Ka5 64.Nc3 Be5 65.Ne4 c4 66.Nd2 Kb4 67.Nxc4 Kxc4 68.a5 Kb4
69.Kg1 Kxa5 {#R} 0-1

[Event "4th Gligoric Cup 2017"]
[Site "Novi Banovci SRB"]
[Date "2017.05.27"]
[Round "3.7"]
[White "Markovic,Mis"]
[Black "Jandric,D"]
[Result "0-1"]
[WhiteElo "2297"]
[BlackElo "2133"]

1.e4 c5 2.Nf3 d6 3.d4 cxd4 4.Nxd4 Nf6 5.f3 a6 6.c4 e5 7.Nc2 Be7 8.Be2 O-O
9.O-O Be6 10.b3 b5 11.cxb5 axb5 12.Nc3 b4 13.Nd5 Bxd5 14.exd5 Nbd7 15.Kh1 Qa5
16.Ne3 Nb6 17.Nc4 Nxc4 18.bxc4 Nd7 19.Bd2 Qa3 20.Qb3 Rfb8 21.Rfb1 e4 22.Qxa3
bxa3 23.Rb4 Rxb4 24.Bxb4 exf3 25.gxf3 Nc5 26.Bf1 Bf6 27.Re1 Kf8 28.Re3 Bd4
29.Rxa3 Rb8 30.Bc3 Bxc3 31.Rxc3 Rb2 32.a3 Ke7 33.Re3+ Kf6 34.Kg1 Ra2 35.Be2
Nd7 36.Kf2 Ne5 37.Kg3 Rc2 38.Re4 Ra2 39.Re3 Rc2 40.Bd1 Rxc4 41.a4 Rc5 42.Bb3
Nd7 43.Kf4 Nb6 44.Rd3 Nxa4 45.Rd2 Rb5 46.Bc2 Nc3 47.Bxh7 g6 48.Rd3 Na4 49.Rd4
Nb6 50.h4 Kg7 {#R} 0-1

[Event "36th Zalakaros Open 2017"]
[Site "Zalakaros HUN"]
[Date "2017.05.23"]
[Round "6.27"]
[White "Gazik,Viktor"]
[Black "Arman,D"]
[Result "1-0"]
[WhiteElo "2449"]
[BlackElo "2377"]

1.e4 c5 2.Nf3 d6 3.d4 cxd4 4.Nxd4 Nf6 5.Nc3 e5 6.Bb5+ Bd7 7.Bxd7+ Qxd7 8.Nb3
Qc6 9.f3 Nbd7 10.Be3 Be7 11.O-O O-O 12.Qd3 Rfc8 13.Rfd1 a6 14.a4 b6 15.Rd2 Qc4
16.Bf2 Qxd3 17.Rxd3 Nc5 18.Nxc5 bxc5 19.Bh4 c4 20.Bxf6 cxd3 21.Bxe7 Rab8
22.cxd3 Rxb2 23.Bxd6 f6 24.Nd5 Rcc2 25.Ne3 Re2 26.Bc5 a5 27.h4 h5 28.Rc1 Ra2
29.Rc4 Rad2 30.Rc3 Ra2 31.Rc4 Rad2 32.Bb6 Rxd3 33.Rc8+ Kh7 34.Ra8 Rb3 35.Bc5
Rb1+ 36.Kh2 Rc1 37.Rxa5 Rxc5 38.Rxc5 Rxe3 39.Kg1 Ra3 40.Ra5 Ra1+ 41.Kh2 g6
42.Ra8 f5 43.Ra7+ Kh6 44.exf5 gxf5 45.Kg3 f4+ 46.Kh2 Kg6 47.Ra8 Kg7 48.a5 Ra2
49.a6 e4 50.fxe4 f3 51.Kg1 Rxg2+ 52.Kf1 Rd2 53.a7 Rd7 54.Rg8+ Kxg8 55.a8=Q+
Kg7 56.Kf2 Rf7 57.Qd5 {#r} 1-0

[Event "TCh-FRA Top 12 2017"]
[Site "Chartres FRA"]
[Date "2017.05.28"]
[Round "11.2"]
[White "Solodovnichenko,Y"]
[Black "Brochet,P"]
[Result "1-0"]
[WhiteElo "2576"]
[BlackElo "2409"]

1.e4 c5 2.Nf3 d6 3.d4 Nf6 4.Nc3 cxd4 5.Nxd4 Nc6 6.Bg5 Bd7 7.Bxf6 gxf6 8.Nf5
Rg8 9.Qd2 Bxf5 10.exf5 Qa5 11.Nd5 Qxd2+ 12.Kxd2 Kd7 13.g3 h5 14.Re1 Bh6+
15.Kd1 Rae8 16.Bb5 Rg5 17.Bd3 a6 18.h4 Rg4 19.c3 Nd4 20.Be4 Nc6 21.Bf3 Rg7
22.Bxh5 Ne5 23.Kc2 b5 24.Re4 Kc6 25.Rd1 a5 26.f4 Nc4 27.g4 e6 28.Nxf6 Rf8
29.g5 exf5 30.Re7 Rh8 31.Bf3+ {#r} 1-0

[Event "14th Orlova Open 2017"]
[Site "Orlova CZE"]
[Date "2017.05.25"]
[Round "6.7"]
[White "Drozniak,Stanislaw"]
[Black "Chudinovskikh,A"]
[Result "1-0"]
[WhiteElo "2043"]
[BlackElo "2231"]

1.e4 c5 2.Nf3 Nc6 3.d4 cxd4 4.Nxd4 Nf6 5.Nc3 d6 6.Bg5 Qa5 7.Bxf6 gxf6 8.Bb5
Bd7 9.Nb3 Qd8 10.f4 a6 11.Bxc6 bxc6 12.Qf3 h5 13.e5 d5 14.Na4 Bg4 15.Qc3 Bg7
16.h3 Bd7 17.Nbc5 Bc8 18.Qg3 Kf8 19.O-O-O h4 20.Qc3 Qc7 21.Rxd5 Kg8 22.Nd3 Be6
23.Rc5 Rc8 24.Nb4 fxe5 25.Nxc6 exf4 26.Nxe7+ Qxe7 27.Rxc8+ Bxc8 28.Qxc8+ Qf8
29.Qd7 Rh6 30.Re1 Qd6 31.Re8+ Bf8 32.Qxd6 Rxd6 33.Nc5 Kg7 34.Nd3 Rf6 35.Re4
Bd6 36.Kd1 Rg6 37.Nxf4 Bxf4 38.Rxf4 Rxg2 39.Rxh4 f5 40.Rf4 Kf6 41.Ra4 Ke5
42.Rxa6 f4 43.Ra8 Ke4 44.Re8+ Kd4 45.a4 f3 46.Ke1 Rxc2 47.b4 Rc4 48.Kf2 Rxb4
49.Kxf3 Kd5 50.a5 Ra4 51.Ra8 Kc6 52.Ra7 Rd4 53.Kg3 Rd3+ 54.Kg4 Rd4+ 55.Kg5
Rd5+ 56.Kg6 Rd6+ 57.Kf5 Rd5+ 58.Kg6 Rd6+ 59.Kf7 Rd3 60.Ra6+ Kb5 61.Rh6 Kxa5
62.h4 Kb5 63.h5 Rh3 64.Rh8 Kc6 65.Ke7 Kd5 66.Ra8 Ke5 67.Ra5+ Kf4 68.Kf6 Kg4
69.Kg6 Rb3 70.Ra4+ Kg3 71.Ra6 Kh4 72.h6 Rg3+ 73.Kh7 Rb3 74.Kg6 Rg3+ 75.Kf7 Rb3
76.h7 Rb7+ 77.Kg6 Rb8 78.Kh6 {#r} 1-0

[Event "TCh-FRA Top 12 2017"]
[Site "Chartres FRA"]
[Date "2017.05.26"]
[Round "9.5"]
[White "Rodshtein,M"]
[Black "Dorfman,I"]
[Result "1-0"]
[WhiteElo "2698"]
[BlackElo "2560"]

1.e4 c5 2.Nf3 d6 3.d4 cxd4 4.Nxd4 Nf6 5.Nc3 Nc6 6.Bg5 e6 7.Qd2 a6 8.O-O-O h6
9.Nxc6 bxc6 10.Bf4 d5 11.Be2 Bb4 12.Qe3 Qa5 13.Be5 Bxc3 14.Bxc3 Qxa2 15.Bd3
dxe4 16.Bxf6 gxf6 17.Bxe4 Qa1+ 18.Kd2 Qa5+ 19.Ke2 Rb8 20.Qd4 O-O 21.Rd3 Qh5+
22.Ke1 e5 23.Qc5 Be6 24.h4 Rfd8 25.f3 f5 26.Qxe5 Qg6 27.Rh3 Re8 28.Rg3 fxe4
29.Rxg6+ fxg6 30.fxe4 Bf5 31.Qg3 Bxe4 32.Rd6 Rxb2 33.Kd1 Rb7 34.h5 Rb1+ 35.Kd2
Rg1 36.Rxg6+ Bxg6 37.Qxg6+ Kh8 38.Qxe8+ {#r} 1-0

[Event "Bodensee Open 2017"]
[Site "Bregenz AUT"]
[Date "2017.05.27"]
[Round "8.15"]
[White "Ramaswamy,A"]
[Black "Hovenga,A"]
[Result "1-0"]
[WhiteElo "2073"]
[BlackElo "2169"]

1.e4 c5 2.Nf3 Nc6 3.d4 cxd4 4.Nxd4 Nf6 5.Nc3 d6 6.Bg5 e6 7.Qd2 a6 8.O-O-O Bd7
9.f3 h6 10.Be3 b5 11.Nxc6 Bxc6 12.Ne2 Qc7 13.Nd4 Bb7 14.Bd3 Rc8 15.Kb1 Nd7
16.Rhe1 Ne5 17.g4 g6 18.h4 Nc4 19.Bxc4 bxc4 20.Ne2 Rb8 21.Nc3 h5 22.g5 Be7
23.Ba7 Rc8 24.Bd4 e5 25.Be3 Rb8 26.Ba7 Ra8 27.Be3 O-O 28.f4 Rfb8 29.Ka1 Bc6
30.Rb1 Rb5 31.f5 Ra5 32.fxg6 fxg6 33.Rf1 Rb8 34.Qf2 Bxe4 35.Bb6 Rxb6 36.Qf7+
Kh8 37.Qe8+ {#r} 1-0

[Event "10th KIIT Elite Open 2017"]
[Site "Bhubaneswar IND"]
[Date "2017.05.29"]
[Round "6.13"]
[White "Rathanvel,V"]
[Black "Singh,SV"]
[Result "0-1"]
[WhiteElo "2361"]
[BlackElo "2213"]

1.e4 c5 2.Nf3 d6 3.d4 cxd4 4.Nxd4 Nf6 5.Nc3 Nc6 6.Bg5 e6 7.Qd2 a6 8.O-O-O Bd7
9.f3 Be7 10.Kb1 O-O 11.h4 Nxd4 12.Qxd4 Bc6 13.e5 dxe5 14.Qxe5 Qb8 15.Qe1 Rd8
16.Bd3 Qc7 17.h5 h6 18.Bh4 b5 19.Qf2 b4 20.Ne2 Nd5 21.Bxe7 Qxe7 22.Bc4 Nc7
23.Nf4 Bb5 24.Bxb5 Nxb5 25.Qb6 Rdb8 26.Qa5 Qg5 27.Qxb4 a5 28.Qd2 Na3+ 29.Ka1
Rxb2 30.Nxe6 Rb1+ {#R} 0-1

[Event "TCh-FRA Top 12 2017"]
[Site "Chartres FRA"]
[Date "2017.05.24"]
[Round "7.4"]
[White "Moucheroud,J"]
[Black "Edouard,R"]
[Result "0-1"]
[WhiteElo "2197"]
[BlackElo "2640"]

1.e4 c5 2.Nf3 Nc6 3.d4 cxd4 4.Nxd4 Nf6 5.Nc3 d6 6.g3 g6 7.Nde2 b6 8.Bg2 Ba6
9.O-O Bg7 10.Re1 O-O 11.Nd5 Nd7 12.a4 Nc5 13.Nec3 e6 14.Ne3 Qd7 15.Bd2 Bb7
16.Qb1 f5 17.exf5 gxf5 18.b4 Ne4 19.Nxe4 fxe4 20.Ng4 Nd4 21.Ra3 e5 22.Qa2+ Kh8
23.h3 Nf3+ 24.Bxf3 exf3 25.Kh2 Rf5 26.Rh1 Rh5 27.Kg1 d5 28.c4 d4 29.Bc1 e4
30.Bf4 e3 31.fxe3 Qxg4 32.hxg4 Rxh1+ {#R} 0-1

[Event "10th KIIT Elite Open 2017"]
[Site "Bhubaneswar IND"]
[Date "2017.05.29"]
[Round "6.24"]
[White "Jeet,J"]
[Black "Gaikwad,Siddhant"]
[Result "1-0"]
[WhiteElo "2151"]
[BlackElo "2295"]

1.e4 c5 2.Nf3 d6 3.d4 cxd4 4.Nxd4 Nf6 5.Nc3 g6 6.Be2 Bg7 7.O-O O-O 8.Nb3 Nc6
9.Bg5 Bd7 10.Kh1 Rc8 11.f4 a6 12.Qd2 b5 13.a3 Be6 14.Rad1 Kh8 15.f5 Bc4 16.Nc1
Bxe2 17.Qxe2 Ne5 18.Nd3 Nfd7 19.Nd5 f6 20.Be3 g5 21.Nxe5 Nxe5 22.Bd4 Qe8
23.Bc3 e6 24.fxe6 Qxe6 25.Ne3 Ng6 26.Nf5 d5 27.Rxd5 Nf4 28.Rxf4 gxf4 29.Rd6
Qf7 30.Rxa6 Rcd8 31.h3 Qa2 32.Qg4 Rg8 33.Rxf6 Qb1+ 34.Kh2 Rd1 35.Qxg7+ {#r}
1-0

[Event "Deltalift Open 2017"]
[Site "Tylosand SWE"]
[Date "2017.05.25"]
[Round "4.17"]
[White "Nilsson,P2"]
[Black "Silseth,S"]
[Result "1-0"]
[WhiteElo "2033"]
[BlackElo "2254"]

1.e4 c5 2.Nf3 d6 3.d4 cxd4 4.Nxd4 Nf6 5.Nc3 g6 6.Be3 Bg7 7.f3 Nc6 8.Qd2 Bd7
9.O-O-O h5 10.Kb1 O-O 11.h3 Rc8 12.g4 Ne5 13.gxh5 Nxh5 14.f4 Nc4 15.Bxc4 Rxc4
16.f5 Kh7 17.Rhg1 Bxd4 18.Bxd4 b5 19.Qg5 Qe8 20.Be3 Rh8 21.fxg6+ fxg6 22.Qh6+
Kg8 23.Rxg6+ Kf7 24.Rf1+ Nf6 25.Rgxf6+ {#r} 1-0

[Event "36th Zalakaros Open 2017"]
[Site "Zalakaros HUN"]
[Date "2017.05.25"]
[Round "8.55"]
[White "Czupor,Attila"]
[Black "Szalanczy,E"]
[Result "1-0"]
[WhiteElo "2230"]
[BlackElo "2230"]

1.e4 c5 2.Nf3 d6 3.d4 cxd4 4.Nxd4 Nf6 5.Nc3 g6 6.Be3 Bg7 7.f3 Nc6 8.Qd2 O-O
9.O-O-O Nxd4 10.Bxd4 Be6 11.Kb1 Rc8 12.g4 Nd7 13.Bxg7 Kxg7 14.Nd5 Ne5 15.Be2
Bxd5 16.exd5 Qb6 17.h4 f6 18.f4 Nf7 19.Bd3 Qd4 20.Qh2 Qa4 21.g5 f5 22.h5 Rh8
23.Rde1 Rce8 24.c4 Qa5 25.Qc2 Rhg8 26.Re6 Nd8 27.hxg6 hxg6 28.Rxg6+ Kxg6
29.Bxf5+ Kg7 30.Rh7+ Kf8 31.Qh2 Nf7 32.Rxf7+ Kxf7 {#r} 1-0

[Event "Deltalift Open 2017"]
[Site "Tylosand SWE"]
[Date "2017.05.25"]
[Round "4.13"]
[White "Welin,M"]
[Black "Petersson,K"]
[Result "0-1"]
[WhiteElo "2336"]
[BlackElo "2068"]

1.e4 c5 2.Nf3 d6 3.d4 cxd4 4.Nxd4 Nf6 5.Nc3 g6 6.Be3 Bg7 7.f3 O-O 8.Qd2 Nc6
9.Bc4 Nd7 10.O-O-O Nb6 11.Bb3 Na5 12.Qd3 Nxb3+ 13.cxb3 Bd7 14.h4 d5 15.exd5
Rc8 16.Kb1 Rxc3 17.bxc3 Nxd5 18.g4 Nxe3 19.Qxe3 Qc7 20.h5 Rc8 21.hxg6 hxg6
22.Rc1 e5 23.Ne2 a5 24.Ng3 a4 25.b4 Be6 26.Ne4 Qc4 27.Rc2 Rd8 28.Qg5 Rd3
29.Qe7 Qc6 30.Nc5 Rd6 31.Nxe6 Rxe6 32.Qh4 Re8 33.Qg3 e4 34.fxe4 Qxe4 35.Rf1 a3
36.Qf2 Qc4 37.Qf3 Rc8 38.Rd1 Bxc3 39.Rd8+ Rxd8 40.Rxc3 Qxb4+ 41.Rb3 Qe1+ {#R}
0-1